000 00914nam a2200265 a 4500
001 000030944
003 OSt
005 20250602135231.0
008 110608s1966 dr ac 000 0 spa d
040 _aDO-SdBNP
_bspa
_cBNPHU
082 _a730.937
_bC282s 1967
_222
100 1 _a Cardi, Enzo
_d
245 1 0 _a Scultura italiana :
_bil gótico /
_c Enzo Cardi ; fotografía Bruno Balestrini
260 _aItalia :
_bInstituto Editorial Electa,
_c1967
300 _a259 p. :
_bil., retrs. ;
_c28 cm.
500 _a Incluye índice
500 _a
590 _aInventariado, 2025 / VM
600 1 4 _aCarli, Enzo,
_d1910-1999
_xTrabajos escultóricos
_ySiglos XII-XVI.
650 4 _a Escultura italiana
_vLibros de láminas
_ySiglos XII-XVI.
_z
650 4 _aAutores italianos.
_z
700 1 _a Balestrini, Bruno
_efotografías
910 _aVMateo V. Control de calidad BPMSU
942 _2ddc
_cBK
999 _c15125
_d15125